000 00901nam a2200277 i 4500
999 _c9478
_d9478
001 3656876
003 OSt
005 20191224154554.0
008 760719s1976 enka b 001 0 eng
010 _a 76364830
015 _aGB76-08938
020 _a0333239938
040 _aDLC
_cDLC
_dDLC
050 0 0 _aHB171.5
_b.L64 1976
082 0 0 _a339
_bLEV/M
100 _aLevacic, Rosalind
_9726
245 1 0 _aMacroeconomics :
_bthe static and dynamic analysis of a monetary economy /
_c[by] Rosalind Levačić.
260 _aLondon :
_bMacmillan,
_c1976.
300 _axiii, 374 p. :
_bill. ;
_c24 cm.
504 _aIncludes bibliographical references and indexes.
650 0 _aMacroeconomics.
650 0 _aMoney.
650 0 _aStatics and dynamics (Social sciences).
906 _a7
_bcbc
_corignew
_d3
_encip
_f19
_gy-gencatlg
942 _2ddc
_cBK
_h339
_iLEV/M
_k339
_mLEV/M